000 00955nam a2200301Ia 4500
001 dia_5914
003 CHAP
005 20230607143051.0
008 220117s2014 xx 000 0 und d
010 _a177045
020 _a978-1-77085-295-2
040 _cCHAP
082 _a333.9116 L43 2014
100 _aLeahy, Stephen
_9160025
245 _aYour water footprint : the shocking facts about how much water we use to make everyday products /
_c Stephen Leahy
260 _aEstados Unidos de América :
_b Firefly Books,
_c2014
300 _a143 p.
504 _aBibliografía: p. 131-135
590 _aTD345 L43 2014
650 _aAgua
_xConsumo
_9160026
650 _aConservación de aguas
_9160027
650 _aWater conservation
_9160028
650 _aWater
_xConsumption
_9160029
901 _a333.9116 L43 2014
902 _aA
905 _a5232272014 -usabd 8222223322eng16
942 _cLIBRO
_2ddc
999 _c177045
_d177045